00824nam a2200229u 450000100100000000500170001000800410002704000290006805000200009708200140011710000440013124500380017526000400021330000280025365000490028170000300033070000620036091000280042204900090045095201180045999900170057700001815820200929165359.0810410s1945 ilua j 000 0 eng d aDO-SdBNPbengcLCdBNPHU00aD209b.M23 1951 ann*bM4781 aMcClure, Clarence Henry,d1873-?93934714aThe background of modern nations. aChicago :bLaidlaw Brothers,c1945. a512 p. :bil. ;c21 cm. 0aHistory, modernxJuvenile literature.9393481 aScheck, Charles C.9393491 aWringht, W. W.,d1875-1956q(William Wright Smith)939350 aCatalogación derivada aBNGR 001054708MOaGRbGRcCTd2010-04-16iLF1l0onn* M478p18158-10r2020-06-25w2020-06-25y4ZPréstamo en sala c17679d17679